[Event "ODJM C 2024"]
[Site "Willingen GER"]
[Date "2024.05.19"]
[Round "1"]
[White "Zhang, Kai"]
[Black "Fischer, John"]
[Result "0-1"]
[Termination "normal"]
[Board "22"]
[WhiteElo "1504"]
[BlackElo "1614"]
[WhiteClock "01:06:03"]
[BlackClock "00:46:05"]
[PlyCount "114"]
[WhiteFideId "34658815"]
[BlackFideId "16268679"]
[EventCountry "GER"]
[EventRounds "9"]
[EventType "swiss"]
[EventDate "2024.05.18"]

1. e4 {[%clk 01:30:59]} d5 {[%clk 01:30:48]} {[%emt 00:00:13]} 2. e5 {[%clk
01:30:18]} {[%emt 00:01:12]} Bf5 {[%clk 01:30:07]} {[%emt 00:01:10]} 3. d4
{[%clk 01:30:18]} {[%emt 00:00:30]} e6 {[%clk 01:30:21]} {[%emt 00:00:15]} 4.
Bd3 {[%clk 01:30:21]} {[%emt 00:00:27]} Ne7 {[%clk 01:26:08]} {[%emt 00:04:43]}
5. Bg5 {[%clk 01:30:03]} {[%emt 00:00:48]} Bxd3 {[%clk 01:26:11]} {[%emt
00:00:27]} 6. Qxd3 {[%clk 01:29:53]} {[%emt 00:00:40]} Qd7 {[%clk 01:26:30]}
{[%emt 00:00:12]} 7. Nf3 {[%clk 01:28:38]} {[%emt 00:01:45]} Nf5 {[%clk
01:25:56]} {[%emt 00:01:04]} 8. Nc3 {[%clk 01:27:14]} {[%emt 00:01:54]} c5
{[%clk 01:23:18]} {[%emt 00:03:08]} 9. g4 {[%clk 01:23:53]} {[%emt 00:03:51]}
c4 {[%clk 01:19:49]} {[%emt 00:03:59]} 10. Qd2 {[%clk 01:23:40]} {[%emt
00:00:42]} Ne7 {[%clk 01:20:09]} {[%emt 00:00:11]} 11. h4 {[%clk 01:21:56]}
{[%emt 00:02:13]} h6 {[%clk 01:18:33]} {[%emt 00:02:06]} 12. Bf4 {[%clk
01:21:42]} {[%emt 00:00:43]} Nbc6 {[%clk 01:16:09]} {[%emt 00:02:56]} 13. Na4
{[%clk 01:20:00]} {[%emt 00:02:11]} Ng6 {[%clk 01:12:36]} {[%emt 00:04:04]} 14.
a3 {[%clk 01:18:20]} {[%emt 00:02:10]} Nxf4 {[%clk 01:05:59]} {[%emt 00:06:56]}
15. Qxf4 {[%clk 01:18:37]} {[%emt 00:00:24]} Nxd4 {[%clk 01:04:51]} {[%emt
00:01:38]} 16. Qxd4 {[%clk 01:14:53]} {[%emt 00:04:14]} Qxa4 {[%clk 01:03:03]}
{[%emt 00:02:19]} 17. O-O {[%clk 01:13:29]} {[%emt 00:01:52]} Qxc2 {[%clk
01:00:42]} {[%emt 00:02:51]} 18. Ne1 {[%clk 01:12:35]} {[%emt 00:01:24]} Qb3
{[%clk 01:00:00]} {[%emt 00:01:11]} 19. Kg2 {[%clk 01:11:40]} {[%emt 00:01:27]}
Be7 {[%clk 01:00:11]} {[%emt 00:00:19]} 20. Nf3 {[%clk 01:11:31]} {[%emt
00:00:38]} b6 {[%clk 00:55:24]} {[%emt 00:05:18]} 21. a4 {[%clk 01:11:16]}
{[%emt 00:00:45]} Bc5 {[%clk 00:55:31]} {[%emt 00:00:22]} 22. Qd2 {[%clk
01:11:09]} {[%emt 00:00:36]} h5 {[%clk 00:54:55]} {[%emt 00:01:08]} 23. g5
{[%clk 01:11:20]} {[%emt 00:00:18]} g6 {[%clk 00:55:17]} {[%emt 00:00:08]} 24.
Rfc1 {[%clk 01:10:01]} {[%emt 00:01:49]} O-O {[%clk 00:53:06]} {[%emt
00:02:41]} 25. Rc3 {[%clk 01:10:00]} {[%emt 00:00:31]} Bb4 {[%clk 00:52:10]}
{[%emt 00:01:26]} 26. Rxb3 {[%clk 01:09:11]} {[%emt 00:01:20]} Bxd2 {[%clk
00:52:32]} {[%emt 00:00:07]} 27. Rb5 {[%clk 01:09:12]} {[%emt 00:00:30]} Bf4
{[%clk 00:51:33]} {[%emt 00:01:29]} 28. Rb4 {[%clk 01:08:08]} {[%emt 00:01:34]}
Rac8 {[%clk 00:51:47]} {[%emt 00:00:15]} 29. b3 {[%clk 01:08:10]} {[%emt
00:00:29]} Rc6 {[%clk 00:49:59]} {[%emt 00:02:18]} 30. Nd4 {[%clk 01:06:29]}
{[%emt 00:02:10]} Rc5 {[%clk 00:47:40]} {[%emt 00:02:44]} 31. Nf3 {[%clk
01:06:20]} {[%emt 00:00:45]} Rfc8 {[%clk 00:47:06]} {[%emt 00:01:02]} 32. Kh3
{[%clk 01:06:04]} {[%emt 00:00:47]} R8c6 {[%clk 00:42:09]} {[%emt 00:05:28]}
33. Kg2 {[%clk 01:05:30]} {[%emt 00:01:04]} a5 {[%clk 00:42:00]} {[%emt
00:00:39]} 34. Rb5 {[%clk 01:05:16]} {[%emt 00:00:44]} c3 {[%clk 00:42:18]}
{[%emt 00:00:11]} 35. Nd4 {[%clk 01:05:11]} {[%emt 00:00:35]} Rxb5 {[%clk
00:41:53]} {[%emt 00:00:56]} 36. axb5 {[%clk 01:05:18]} {[%emt 00:00:22]} Rc5
{[%clk 00:42:07]} {[%emt 00:00:17]} 37. Nc2 {[%clk 01:05:29]} {[%emt 00:00:18]}
Rxb5 {[%clk 00:42:25]} {[%emt 00:00:12]} 38. Re1 {[%clk 01:05:01]} {[%emt
00:00:58]} Bd2 {[%clk 00:42:45]} {[%emt 00:00:10]} 39. Ra1 {[%clk 01:04:25]}
{[%emt 00:01:06]} Rxb3 {[%clk 00:43:08]} {[%emt 00:00:08]} 40. Kf3 {[%emt
00:00:19]} Rb2 {[%emt 00:00:13]} 41. Na3 {[%clk 01:03:46]} {[%emt 00:00:37]} c2
{[%clk 00:43:28]} {[%emt 00:00:10]} 42. Nxc2 {[%clk 01:04:08]} {[%emt
00:00:07]} Rxc2 {[%clk 00:43:45]} {[%emt 00:00:13]} 43. Rb1 {[%clk 01:04:27]}
{[%emt 00:00:12]} Rc6 {[%clk 00:44:05]} {[%emt 00:00:09]} 44. Ke2 {[%clk
01:04:35]} {[%emt 00:00:22]} Bb4 {[%clk 00:44:20]} {[%emt 00:00:15]} 45. Kd3
{[%clk 01:04:15]} {[%emt 00:00:51]} b5 {[%clk 00:44:11]} {[%emt 00:00:39]} 46.
f4 {[%clk 01:04:20]} {[%emt 00:00:24]} Rc4 {[%clk 00:44:26]} {[%emt 00:00:16]}
47. Rb2 {[%clk 01:04:05]} {[%emt 00:00:45]} Rxf4 {[%clk 00:43:52]} {[%emt
00:01:03]} 48. Rc2 {[%clk 01:04:19]} {[%emt 00:00:16]} Rc4 {[%clk 00:44:10]}
{[%emt 00:00:12]} 49. Rxc4 {[%clk 01:04:21]} {[%emt 00:00:28]} bxc4+ {[%clk
00:44:31]} {[%emt 00:00:10]} 50. Kc2 {[%clk 01:04:32]} {[%emt 00:00:18]} a4
{[%clk 00:44:54]} {[%emt 00:00:08]} 51. Kb2 {[%emt 00:00:07]} d4 {[%emt
00:00:06]} 52. Kc2 {[%clk 01:04:33]} {[%emt 00:00:16]} a3 {[%clk 00:45:10]}
{[%emt 00:00:15]} 53. Kb1 {[%clk 01:04:52]} {[%emt 00:00:10]} d3 {[%clk
00:45:29]} {[%emt 00:00:10]} 54. Ka1 {[%clk 01:05:08]} {[%emt 00:00:14]} d2
{[%clk 00:45:46]} {[%emt 00:00:14]} 55. Ka2 {[%clk 01:05:26]} {[%emt 00:00:12]}
Bc3 {[%clk 00:45:35]} {[%emt 00:00:40]} 56. Kb1 {[%clk 01:05:42]} {[%emt
00:00:14]} d1=Q+ {[%clk 00:45:52]} {[%emt 00:00:13]} 57. Ka2 {[%clk 01:06:03]}
{[%emt 00:00:10]} Qb3# {[%clk 00:46:05]} {[%emt 00:00:16]} 0-1

[Event "ODJM C 2024"]
[Site "Willingen GER"]
[Date "2024.05.19"]
[Round "1"]
[White "Prokscha, Marlene"]
[Black "Schwarzfischer, Ramona"]
[Result "1-0"]
[Termination "normal"]
[Board "23"]
[WhiteElo "1230"]
[BlackElo "974"]
[WhiteClock "00:18:46"]
[BlackClock "00:53:43"]
[PlyCount "67"]
[WhiteFideId "34631291"]
[BlackFideId "16268113"]
[EventCountry "GER"]
[EventRounds "9"]
[EventType "swiss"]
[EventDate "2024.05.18"]

1. d4 {[%clk 01:30:56]} {[%emt 00:00:03]} d5 {[%clk 01:30:59]} {[%emt
00:00:02]} 2. Bf4 {[%clk 01:31:18]} {[%emt 00:00:08]} Nf6 {[%clk 01:31:21]}
{[%emt 00:00:08]} 3. Nf3 {[%clk 01:31:36]} {[%emt 00:00:11]} e6 {[%clk
01:31:41]} {[%emt 00:00:10]} 4. e3 {[%clk 01:31:46]} {[%emt 00:00:19]} Bd6
{[%clk 01:31:45]} {[%emt 00:00:27]} 5. Bxd6 {[%clk 01:31:53]} {[%emt 00:00:24]}
Qxd6 {[%clk 01:32:06]} {[%emt 00:00:09]} 6. Bd3 {[%clk 01:31:51]} {[%emt
00:00:30]} O-O {[%clk 01:32:27]} {[%emt 00:00:10]} 7. c3 {[%clk 01:31:20]}
{[%emt 00:01:01]} Nbd7 {[%clk 01:32:29]} {[%emt 00:00:28]} 8. Nbd2 {[%clk
01:31:26]} {[%emt 00:00:24]} c5 {[%clk 01:32:31]} {[%emt 00:00:29]} 9. O-O
{[%clk 01:30:20]} {[%emt 00:01:35]} e5 {[%clk 01:31:53]} {[%emt 00:01:09]} 10.
dxe5 {[%clk 01:26:10]} {[%emt 00:04:40]} Nxe5 {[%clk 01:30:56]} {[%emt
00:01:27]} 11. Nxe5 {[%clk 01:24:23]} {[%emt 00:02:16]} Qxe5 {[%clk 01:31:12]}
{[%emt 00:00:15]} 12. Nf3 {[%clk 01:11:28]} {[%emt 00:13:24]} Qd6 {[%clk
01:28:51]} {[%emt 00:02:51]} 13. h3 {[%clk 01:09:49]} {[%emt 00:02:08]} a6
{[%clk 01:28:39]} {[%emt 00:00:43]} 14. c4 {[%clk 01:06:45]} {[%emt 00:03:34]}
Kh8 {[%clk 01:28:20]} {[%emt 00:00:50]} 15. Re1 {[%clk 00:59:33]} {[%emt
00:07:41]} Re8 {[%clk 01:26:05]} {[%emt 00:02:46]} 16. Ng5 {[%clk 00:51:33]}
{[%emt 00:08:29]} Be6 {[%clk 01:24:17]} {[%emt 00:02:19]} 17. Bf5 {[%clk
00:47:25]} {[%emt 00:04:37]} Kg8 {[%clk 01:20:24]} {[%emt 00:04:23]} 18. Bxe6
{[%clk 00:46:35]} {[%emt 00:01:21]} fxe6 {[%clk 01:20:36]} {[%emt 00:00:18]}
19. e4 {[%clk 00:45:14]} {[%emt 00:01:50]} Qe5 {[%clk 01:17:18]} {[%emt
00:03:49]} 20. Qd2 {[%clk 00:38:09]} {[%emt 00:07:35]} dxe4 {[%clk 01:10:30]}
{[%emt 00:07:18]} 21. f3 {[%clk 00:34:00]} {[%emt 00:04:38]} Rad8 {[%clk
01:09:27]} {[%emt 00:01:33]} 22. Qc1 {[%clk 00:33:06]} {[%emt 00:01:24]} Qd4+
{[%clk 01:06:53]} {[%emt 00:03:04]} 23. Kh2 {[%clk 00:31:44]} {[%emt 00:01:52]}
exf3 {[%clk 01:02:11]} {[%emt 00:05:12]} 24. Nxf3 {[%clk 00:30:12]} {[%emt
00:02:02]} Qd6+ {[%clk 01:01:18]} {[%emt 00:01:24]} 25. Ne5 {[%clk 00:27:35]}
{[%emt 00:03:07]} Nd7 {[%clk 01:00:25]} {[%emt 00:01:23]} 26. Qc3 {[%clk
00:26:06]} {[%emt 00:01:58]} Rf8 {[%clk 00:57:58]} {[%emt 00:02:57]} 27. Kg1
{[%clk 00:26:06]} {[%emt 00:00:31]} Rf5 {[%clk 00:57:35]} {[%emt 00:00:53]} 28.
Rad1 {[%clk 00:24:17]} {[%emt 00:02:19]} Qe7 {[%clk 00:57:13]} {[%emt
00:00:50]} 29. Nxd7 {[%clk 00:19:34]} {[%emt 00:05:15]} Rxd7 {[%clk 00:57:18]}
{[%emt 00:00:25]} 30. Rxd7 {[%emt 00:00:25]} Qxd7 {[%clk 00:57:44]} {[%emt
00:00:03]} 31. Qe3 {[%clk 00:19:55]} {[%emt 00:00:14]} Kf7 {[%clk 00:55:50]}
{[%emt 00:02:24]} 32. g4 {[%clk 00:19:47]} {[%emt 00:00:38]} Rf6 {[%clk
00:54:57]} {[%emt 00:01:24]} 33. Qxc5 {[%clk 00:18:41]} {[%emt 00:01:35]} Kg6
{[%clk 00:53:43]} {[%emt 00:01:43]} 34. Qh5# {[%clk 00:18:46]} {[%emt
00:00:27]} 1-0

[Event "ODJM C 2024"]
[Site "Willingen GER"]
[Date "2024.05.19"]
[Round "1"]
[White "Muhl, Justinus"]
[Black "Piotrowski, Jaro"]
[Result "0-1"]
[Termination "normal"]
[Board "24"]
[WhiteElo "928"]
[BlackElo "1223"]
[WhiteClock "00:42:09"]
[BlackClock "01:26:05"]
[PlyCount "62"]
[WhiteFideId "34635190"]
[BlackFideId "34664629"]
[EventCountry "GER"]
[EventRounds "9"]
[EventType "swiss"]
[EventDate "2024.05.18"]

1. e4 {[%clk 01:25:27]} {[%emt 00:05:32]} e5 {[%clk 01:30:48]} {[%emt
00:00:12]} 2. Nf3 {[%clk 01:20:05]} {[%emt 00:05:53]} Nc6 {[%clk 01:29:53]}
{[%emt 00:01:24]} 3. Bc4 {[%clk 01:15:10]} {[%emt 00:05:25]} Bc5 {[%clk
01:28:48]} {[%emt 00:01:35]} 4. c3 {[%clk 01:10:16]} {[%emt 00:05:25]} Nf6
{[%clk 01:28:25]} {[%emt 00:00:52]} 5. d3 {[%clk 01:05:26]} {[%emt 00:05:21]}
d6 {[%clk 01:28:41]} {[%emt 00:00:14]} 6. a4 {[%clk 01:00:26]} {[%emt
00:05:30]} a6 {[%clk 01:28:37]} {[%emt 00:00:34]} 7. Nbd2 {[%clk 00:59:22]}
{[%emt 00:01:33]} Bg4 {[%clk 01:28:18]} {[%emt 00:00:50]} 8. Nf1 {[%clk
00:58:25]} {[%emt 00:01:27]} Qd7 {[%clk 01:27:58]} {[%emt 00:00:50]} 9. h3
{[%clk 00:57:25]} {[%emt 00:01:30]} Bh5 {[%clk 01:28:14]} {[%emt 00:00:14]} 10.
Ng3 {[%clk 00:57:23]} {[%emt 00:00:31]} Bg6 {[%clk 01:27:52]} {[%emt 00:00:53]}
11. h4 {[%clk 00:54:24]} {[%emt 00:03:30]} h6 {[%clk 01:27:39]} {[%emt
00:00:42]} 12. h5 {[%clk 00:53:13]} {[%emt 00:01:41]} Bh7 {[%clk 01:28:04]}
{[%emt 00:00:05]} 13. Qb3 {[%clk 00:51:23]} {[%emt 00:02:20]} Ng4 {[%clk
01:26:40]} {[%emt 00:01:54]} 14. Rf1 {[%clk 00:49:08]} {[%emt 00:02:45]} Na5
{[%clk 01:26:22]} {[%emt 00:00:49]} 15. Qa2 {[%clk 00:45:38]} {[%emt 00:03:59]}
Nxc4 {[%clk 01:26:17]} {[%emt 00:00:35]} 16. Qxc4 {[%clk 00:45:22]} {[%emt
00:00:46]} O-O {[%clk 01:25:06]} {[%emt 00:01:41]} 17. d4 {[%clk 00:43:39]}
{[%emt 00:02:11]} b5 {[%clk 01:24:41]} {[%emt 00:00:55]} 18. axb5 {[%clk
00:43:33]} {[%emt 00:00:37]} axb5 {[%clk 01:25:00]} {[%emt 00:00:11]} 19. Qd3
{[%clk 00:41:27]} {[%emt 00:02:37]} Rxa1 {[%clk 01:25:14]} {[%emt 00:00:16]}
20. dxc5 {[%clk 00:40:40]} {[%emt 00:01:15]} Rxc1+ {[%clk 01:25:35]} {[%emt
00:00:11]} 21. Kd2 {[%clk 00:41:00]} {[%emt 00:00:08]} Rxf1 {[%clk 01:25:43]}
{[%emt 00:00:23]} 22. Nxf1 {[%clk 00:41:06]} {[%emt 00:00:25]} Nxf2 {[%clk
01:26:03]} {[%emt 00:00:10]} 23. Qd5 {[%clk 00:41:24]} {[%emt 00:00:12]} Nxe4+
{[%clk 01:26:08]} {[%emt 00:00:26]} 24. Kc1 {[%clk 00:41:30]} {[%emt 00:00:23]}
c6 {[%clk 01:26:08]} {[%emt 00:00:31]} 25. Qd1 {[%clk 00:41:24]} {[%emt
00:00:33]} Nxc5 {[%clk 01:26:07]} {[%emt 00:00:33]} 26. Nxe5 {[%clk 00:41:40]}
{[%emt 00:00:14]} Qc7 {[%clk 01:25:10]} {[%emt 00:01:27]} 27. c4 {[%clk
00:41:43]} {[%emt 00:00:27]} dxe5 {[%clk 01:25:24]} {[%emt 00:00:15]} 28. cxb5
{[%emt 00:00:09]} Nd3+ {[%emt 00:00:25]} 29. Qxd3 {[%clk 00:41:31]} {[%emt
00:00:09]} Bxd3 {[%clk 01:25:43]} {[%emt 00:00:11]} 30. bxc6 {[%clk 00:41:54]}
{[%emt 00:00:07]} Qxc6+ {[%clk 01:26:05]} {[%emt 00:00:07]} 31. Kd1 {[%clk
00:42:09]} {[%emt 00:00:15]} Qc2+ {[%emt 00:43:13]} 0-1

[Event "ODJM C 2024"]
[Site "Willingen GER"]
[Date "2024.05.19"]
[Round "1"]
[White "von Gehlen, Samuel"]
[Black "Eßers, Mathilda Marie"]
[Result "1-0"]
[Termination "normal"]
[Board "25"]
[WhiteElo "1510"]
[BlackElo "923"]
[WhiteClock "01:28:55"]
[BlackClock "01:20:04"]
[PlyCount "47"]
[WhiteFideId "34651551"]
[BlackFideId "34684093"]
[EventCountry "GER"]
[EventRounds "9"]
[EventType "swiss"]
[EventDate "2024.05.18"]

1. e4 c5 {[%clk 01:30:56]} {[%emt 00:00:03]} 2. Nf3 {[%clk 01:30:58]} {[%emt
00:00:03]} e6 {[%clk 01:31:25]} {[%emt 00:00:02]} 3. d4 {[%clk 01:31:08]}
{[%emt 00:00:19]} cxd4 {[%clk 01:31:53]} {[%emt 00:00:02]} 4. Nxd4 {[%clk
01:31:23]} {[%emt 00:00:14]} Nc6 {[%clk 01:32:18]} {[%emt 00:00:06]} 5. Nxc6
{[%clk 01:31:45]} {[%emt 00:00:07]} bxc6 {[%clk 01:32:41]} {[%emt 00:00:07]} 6.
Bd3 {[%clk 01:32:07]} {[%emt 00:00:08]} Qc7 {[%clk 01:32:35]} {[%emt 00:00:37]}
7. Nd2 {[%clk 01:32:19]} {[%emt 00:00:18]} Nf6 {[%clk 01:32:36]} {[%emt
00:00:29]} 8. O-O {[%clk 01:32:23]} {[%emt 00:00:25]} Be7 {[%clk 01:32:36]}
{[%emt 00:00:30]} 9. b3 {[%clk 01:32:39]} {[%emt 00:00:15]} d6 {[%clk
01:33:00]} {[%emt 00:00:06]} 10. Bb2 {[%clk 01:32:54]} {[%emt 00:00:15]} O-O
{[%clk 01:33:09]} {[%emt 00:00:21]} 11. f4 {[%clk 01:32:59]} {[%emt 00:00:23]}
Nd7 {[%clk 01:32:53]} {[%emt 00:00:47]} 12. Qg4 {[%clk 01:32:56]} {[%emt
00:00:33]} Qb6+ {[%clk 01:31:50]} {[%emt 00:01:24]} 13. Kh1 {[%clk 01:33:16]}
{[%emt 00:00:18]} Nf6 {[%clk 01:30:31]} {[%emt 00:01:50]} 14. Qg3 {[%clk
01:33:07]} {[%emt 00:00:36]} Bb7 {[%clk 01:29:03]} {[%emt 00:01:49]} 15. e5
{[%clk 01:33:20]} {[%emt 00:00:30]} dxe5 {[%clk 01:28:34]} {[%emt 00:00:59]}
16. Bxe5 {[%clk 01:33:16]} {[%emt 00:00:32]} c5 {[%clk 01:27:09]} {[%emt
00:01:57]} 17. Qh3 {[%clk 01:33:02]} {[%emt 00:00:44]} h6 {[%clk 01:26:57]}
{[%emt 00:00:42]} 18. f5 {[%clk 01:33:00]} {[%emt 00:00:26]} Bd5 {[%clk
01:26:17]} {[%emt 00:01:04]} 19. Qg3 {[%clk 01:31:20]} {[%emt 00:02:19]} Rac8
{[%clk 01:25:18]} {[%emt 00:01:25]} 20. Bf4 {[%clk 01:31:21]} {[%emt 00:00:35]}
g5 {[%clk 01:23:17]} {[%emt 00:02:32]} 21. fxg6 {[%clk 01:31:30]} {[%emt
00:00:20]} Nh5 {[%clk 01:22:18]} {[%emt 00:01:29]} 22. gxf7+ {[%clk 01:31:38]}
{[%emt 00:00:22]} Kh8 {[%clk 01:20:52]} {[%emt 00:01:56]} 23. Qg6 {[%clk
01:31:20]} {[%emt 00:00:45]} e5 {[%clk 01:20:04]} {[%emt 00:01:22]} 24. Qh7#
{[%clk 01:28:55]} {[%emt 00:02:22]} 1-0

[Event "ODJM C 2024"]
[Site "Willingen GER"]
[Date "2024.05.19"]
[Round "1"]
[White "Kasten, Luna Seraphine"]
[Black "Yarmish, Kyryl"]
[Result "0-1"]
[Termination "normal"]
[Board "26"]
[WhiteElo "917"]
[BlackElo "1707"]
[WhiteClock "00:57:34"]
[BlackClock "00:30:38"]
[PlyCount "70"]
[WhiteFideId "34681639"]
[BlackFideId "34691880"]
[EventCountry "GER"]
[EventRounds "9"]
[EventType "swiss"]
[EventDate "2024.05.18"]

1. e4 {[%clk 01:30:57]} {[%emt 00:00:03]} Nf6 {[%clk 01:30:49]} {[%emt
00:00:11]} 2. Nc3 {[%clk 01:31:06]} {[%emt 00:00:21]} d5 {[%clk 01:30:56]}
{[%emt 00:00:22]} 3. Bd3 {[%clk 01:31:05]} {[%emt 00:00:32]} Nc6 {[%clk
01:29:25]} {[%emt 00:02:01]} 4. Nf3 {[%clk 01:31:06]} {[%emt 00:00:27]} Bg4
{[%clk 01:28:38]} {[%emt 00:01:17]} 5. h3 {[%clk 01:31:23]} {[%emt 00:00:15]}
Be6 {[%clk 01:26:38]} {[%emt 00:02:29]} 6. O-O {[%clk 01:31:10]} {[%emt
00:00:39]} dxe4 {[%clk 01:26:11]} {[%emt 00:01:01]} 7. Bxe4 {[%clk 01:31:23]}
{[%emt 00:00:18]} Nxe4 {[%clk 01:25:36]} {[%emt 00:01:05]} 8. Nxe4 {[%clk
01:31:43]} {[%emt 00:00:09]} g6 {[%clk 01:24:44]} {[%emt 00:01:21]} 9. Nc5
{[%clk 01:31:14]} {[%emt 00:01:01]} Bc8 {[%clk 01:24:00]} {[%emt 00:01:13]} 10.
d3 {[%clk 01:29:53]} {[%emt 00:01:52]} b6 {[%clk 01:23:35]} {[%emt 00:00:56]}
11. Ne4 {[%clk 01:30:10]} {[%emt 00:00:11]} Bg7 {[%clk 01:23:13]} {[%emt
00:00:53]} 12. c3 {[%clk 01:29:26]} {[%emt 00:01:15]} O-O {[%clk 01:22:39]}
{[%emt 00:01:02]} 13. Qd2 {[%clk 01:27:47]} {[%emt 00:02:11]} Bb7 {[%clk
01:21:11]} {[%emt 00:01:57]} 14. Qg5 {[%clk 01:24:58]} {[%emt 00:02:10]} Qxd3
{[%clk 01:20:19]} {[%emt 00:02:32]} 15. Qh4 {[%clk 01:24:00]} {[%emt 00:01:20]}
h5 {[%clk 01:14:32]} {[%emt 00:06:24]} 16. Ne1 {[%clk 01:20:35]} {[%emt
00:03:53]} Qd5 {[%clk 01:06:06]} {[%emt 00:08:57]} 17. f3 {[%clk 01:18:08]}
{[%emt 00:02:57]} Qe6 {[%clk 01:00:11]} {[%emt 00:06:25]} 18. Bf4 {[%clk
01:18:09]} {[%emt 00:00:31]} Qd7 {[%clk 00:57:40]} {[%emt 00:03:00]} 19. g4
{[%clk 01:17:08]} {[%emt 00:01:33]} hxg4 {[%clk 00:54:20]} {[%emt 00:03:48]}
20. Ng5 {[%clk 01:17:24]} {[%emt 00:00:16]} Rfe8 {[%clk 00:51:59]} {[%emt
00:02:50]} 21. fxg4 {[%clk 01:15:08]} {[%emt 00:02:45]} f6 {[%clk 00:51:26]}
{[%emt 00:01:03]} 22. Ne4 {[%clk 01:14:03]} {[%emt 00:01:33]} Na5 {[%clk
00:49:47]} {[%emt 00:02:12]} 23. g5 {[%clk 01:14:04]} {[%emt 00:00:28]} Bxe4
{[%clk 00:48:47]} {[%emt 00:01:29]} 24. gxf6 {[%emt 00:02:50]} exf6 {[%clk
00:47:21]} {[%emt 00:01:52]} 25. Bh6 {[%clk 01:11:39]} {[%emt 00:00:39]} Bxh6
{[%clk 00:46:46]} {[%emt 00:01:06]} 26. Qxh6 {[%clk 01:11:48]} {[%emt
00:00:18]} Qg7 {[%clk 00:45:08]} {[%emt 00:02:12]} 27. Qh4 {[%clk 01:11:30]}
{[%emt 00:00:46]} f5 {[%clk 00:44:51]} {[%emt 00:00:48]} 28. b4 {[%clk
01:09:40]} {[%emt 00:02:20]} Nb7 {[%clk 00:41:42]} {[%emt 00:03:39]} 29. Rc1
{[%clk 01:06:57]} {[%emt 00:03:12]} Rad8 {[%clk 00:39:01]} {[%emt 00:03:12]}
30. Qg3 {[%clk 01:06:16]} {[%emt 00:01:07]} Rc8 {[%clk 00:38:38]} {[%emt
00:00:57]} 31. h4 {[%clk 01:06:15]} {[%emt 00:00:32]} Red8 {[%clk 00:36:51]}
{[%emt 00:02:17]} 32. c4 {[%clk 01:06:09]} {[%emt 00:00:35]} Rd4 {[%clk
00:36:03]} {[%emt 00:01:18]} 33. Qb3 {[%clk 01:06:07]} {[%emt 00:00:30]} Kh8
{[%clk 00:33:41]} {[%emt 00:02:53]} 34. Qe3 {[%clk 01:01:02]} {[%emt 00:05:15]}
Bc6 {[%clk 00:30:37]} {[%emt 00:03:55]} 35. Qg5 {[%clk 00:57:34]} {[%emt
00:03:58]} Rg4+ {[%clk 00:30:38]} {[%emt 00:00:30]} 0-1